[Event "Jagodina"]
[Site "Jagodina"]
[Date "1998.03.26"]
[Round "4"]
[White "Antic, Dejan"]
[Black "Arsovic, Zoran"]
[Result "1-0"]
[WhiteElo "2460"]
[BlackElo "2430"]

1.d4 Nf6 2.c4 g6 3.Nc3 Bg7 4.e4 d6 5.Nf3 O-O 6.Be2 Na6 7.O-O e5 8.Be3 c6
9.d5 Ng4 10.Bg5 f6 11.Bh4 c5 12.Ne1 h5 13.a3 Bd7 14.h3 Nh6 15.Nd3 g5 16.Bg3 g4
17.hxg4 Nxg4 18.Bh4 Qe7 19.Bxg4 hxg4 20.f4 gxf3 21.Qxf3 Qe8 22.Nb5 Bxb5 23.cxb5 Qxb5
24.Nf2 Qe8 25.Ng4 Qg6 26.Ne3 Rad8 27.Nf5 Rd7 28.Qh3 c4 29.Bf2 Qh7 30.Qg4 Kh8
31.Nh4 Rff7 32.Be3 Bh6 33.Rae1 Rg7 34.Qe6 Bxe3+ 35.Rxe3 Nc5 36.Qxf6 Rf7 37.Ng6+ Qxg6
38.Rh3+ Qh7 39.Qd8+ Rg8 40.Rxh7+ Rxh7 41.Rf8  1-0

[Event "Jagodina"]
[Site "Jagodina"]
[Date "1998.03.27"]
[Round "5"]
[White "Nesic, Nebojsa"]
[Black "Brenjo, Slavisa"]
[Result "1-0"]
[WhiteElo "2235"]
[BlackElo "2450"]

1.d4 Nf6 2.c4 g6 3.Nc3 Bg7 4.e4 d6 5.Nf3 O-O 6.Be2 e5 7.d5 a5 8.Bg5 h6 9.Bh4 Na6
10.Nd2 Qe8 11.O-O h5 12.b3 Nh7 13.f3 Bh6 14.a3 Nc5 15.Rb1 Bd7 16.Qc2 Be3+
17.Bf2 Bxf2+ 18.Rxf2 Qe7 19.Bf1 h4 20.Rb2 Nf6 21.b4 axb4 22.axb4 Na6 23.Ne2 Nh5
24.Qc3 c5 25.dxc6 bxc6 26.f4 exf4 27.Nxf4 Nxf4 28.Rxf4 Qe5 29.Rf3 Qxc3 30.Rxc3 Rfb8
31.Ra3 c5 32.Rba2 Nc7 33.b5 Rxa3 34.Rxa3 Rb7 35.Rd3 Rb6 36.e5 d5 37.cxd5 Bf5
38.Rc3 Nxd5 39.Rxc5 Ne3 40.Nc4 Nxc4 41.Bxc4 Bd7 42.Kf2 Rb7 43.Ke3 Kf8 44.Kd4 Ke7
45.h3 g5 46.Be2 Ra7 47.Bf3 Ra4+ 48.Kc3 Ra3+ 49.Kb4 Ra2 50.Rd5 Rb2+ 51.Ka5 Be8
52.Ka6 Ra2+ 53.Kb6 Rb2 54.Rc5 Kd8 55.Ka6 Ra2+ 56.Kb7 Ra5 57.Rd5+ Ke7 58.b6 Ra2
59.Rd6 Ra5 60.Kc7 Rxe5 61.b7  1-0

[Event "JUG-ch53"]
[Site "Belgrade "]
[Date "1998.03.28"]
[Round "14"]
[White "Ivanisevic, Ivan"]
[Black "Ilincic, Zlatko"]
[Result "1-0"]
[WhiteElo "2460"]
[BlackElo "2565"]

1.d4 Nf6 2.c4 g6 3.Nc3 Bg7 4.e4 d6 5.Nf3 O-O 6.Be2 e5 7.O-O Na6 8.Be3 c6
9.d5 Ng4 10.Bg5 f6 11.Bh4 Nh6 12.c5 dxc5 13.Bxa6 bxa6 14.dxc6 Be6 15.Qa4 g5
16.Bg3 Rc8 17.Nd5 Bxd5 18.Rfd1 Rxc6 19.Rxd5 Qb6 20.Nd2 Qb4 21.Qc2 Nf7 22.Nc4 Rcc8
23.Rad1 Rfd8 24.h4 Rxd5 25.Rxd5 h6 26.Ne3 Bf8 27.Qd1 Qxb2 28.Qh5 Qb1+ 29.Kh2 Qxe4
30.Rd7 Nh8 31.hxg5 hxg5 32.Nd5 Rc6 33.Qe8 Rd6 34.Ne7+ Kh7 35.Rxd6  1-0

[Event "Hampstead GM"]
[Site "Hampstead"]
[Date "1998.03.28"]
[Round "6"]
[White "Buckley, Graeme"]
[Black "McNab, Colin Anderson"]
[Result "1-0"]
[WhiteElo "2315"]
[BlackElo "2500"]

1.d4 d6 2.e4 g6 3.c4 Nd7 4.Nc3 e5 5.Nf3 Bg7 6.Be2 Ngf6 7.O-O O-O 8.Be3 Re8
9.d5 Ng4 10.Bg5 f6 11.Bh4 Nf8 12.Nd2 h5 13.b4 Nh7 14.Re1 Bf8 15.f3 Nh6 16.a4 Re7
17.a5 Rg7 18.Kh1 Be7 19.Bf2 f5 20.c5 f4 21.cxd6 cxd6 22.Nb5 Bd7 23.Nxa7 g5
24.a6 bxa6 25.Nc6 Qc8 26.Nc4 Bxc6 27.Nb6 Qc7 28.dxc6 Rb8 29.b5 axb5 30.Nd7 Re8
31.Bxb5 Bd8 32.Ra7 Qc8 33.Qd5+ Kh8 34.Ba6  1-0

[Event "Jagodina"]
[Site "Jagodina"]
[Date "1998.03.28"]
[Round "6"]
[White "Ostojic, Nikola"]
[Black "Arsovic, Zoran"]
[Result "1-0"]
[WhiteElo "2440"]
[BlackElo "2430"]

1.d4 Nf6 2.c4 g6 3.Nc3 Bg7 4.e4 d6 5.Be2 O-O 6.Nf3 Na6 7.O-O e5 8.Be3 c6
9.d5 Ng4 10.Bg5 f6 11.Bh4 c5 12.Ne1 h5 13.Nd3 Bd7 14.h3 Nh6 15.a3 Nf7 16.Rb1 b6
17.b4 Rc8 18.bxc5 Nxc5 19.Nxc5 Rxc5 20.a4 Bh6 21.Ra1 Qe7 22.Qb3 Rfc8 23.Ra2 Kg7
24.Rfa1 Qd8 25.Nb5 a5 26.Nc3 Rb8 27.Rb2 Bc8 28.Nb1 Bc1 29.Rc2 Bg5 30.Bg3 h4
31.Bh2 Bf4 32.Nd2 Ng5 33.Bxf4 exf4 34.f3 Nf7 35.Qb2 Ne5 36.Nb3 Rc7 37.Nxa5 Bxh3
38.Nc6 Nxc6 39.dxc6 Be6 40.Rb1 Rcc8 41.Qc1 g5 42.c5 dxc5 43.Rd2 Qe7 44.Bb5 Rc7
45.Qc3 c4 46.Qd4 Qc5 47.Qxc5 bxc5 48.Rd6 Bf7 49.Rbd1 Be8 50.R1d5 Kf7 51.e5 c3
52.Rxf6+ Ke7 53.Rxc5 Rd8 54.Rxc3 Rd5 55.Rf5 Rd1+ 56.Kh2 h3 57.Rxg5 hxg2 58.Kxg2 Rd2+
59.Kg1 Rd1+ 60.Kf2  1-0

[Event "Jagodina"]
[Site "Jagodina"]
[Date "1998.04.03"]
[Round "11"]
[White "Zontakh, Andrey"]
[Black "Nesic, Nebojsa"]
[Result "1-0"]
[WhiteElo "2545"]
[BlackElo "2235"]

1.d4 Nf6 2.c4 g6 3.Nc3 Bg7 4.Nf3 d6 5.e4 O-O 6.Be2 e5 7.O-O Nbd7 8.Re1 exd4
9.Nxd4 Nc5 10.Bf1 Re8 11.f3 Nh5 12.Be3 Bd7 13.Qd2 Ne6 14.Nc2 Be5 15.g3 f5
16.exf5 gxf5 17.f4 Bg7 18.Rad1 Bc6 19.Bh3 Qf6 20.Qd3 Rf8 21.Nd5 Bxd5 22.Qxd5 Rad8
23.Qxb7 Qxb2 24.Qxb2 Bxb2 25.Bxa7 c5 26.Rxd6 Nd4 27.Rxd8 Rxd8 28.Nxd4 Bxd4+
29.Kf1  1-0

[Event "Budapest FS04 IM"]
[Site "Budapest"]
[Date "1998.04.04"]
[Round "1"]
[White "Murzin, Lenar"]
[Black "Senff, Martin"]
[Result "1-0"]
[WhiteElo "2240"]
[BlackElo "2430"]

1.d4 Nf6 2.c4 g6 3.Nc3 Bg7 4.e4 d6 5.Nf3 O-O 6.Be2 Na6 7.O-O e5 8.Be3 Ng4
9.Bg5 Qe8 10.dxe5 dxe5 11.h3 h6 12.Bc1 Nf6 13.Be3 Nh5 14.Qd2 Nf4 15.Bxf4 exf4
16.Qxf4 f5 17.e5 g5 18.Qd2 c6 19.Rfe1 Be6 20.Rad1 Qf7 21.Nd4 Rad8 22.Qe3 f4
23.Qc1 Nc7 24.Nxe6 Nxe6 25.Bg4 h5 26.Bxe6 Qxe6 27.Ne4 Qxe5 28.b3 g4 29.h4 g3
30.Nxg3 Rxd1 31.Qxd1 Qc5 32.Ne4 Qf5 33.Ng5 Qg4 34.Qd3 Rf5 35.Re8+ Bf8 36.f3  1-0

[Event "Budapest FS04 IM"]
[Site "Budapest"]
[Date "1998.04.05"]
[Round "2"]
[White "Dudas, Janos"]
[Black "Gara, Anita"]
[Result "1/2-1/2"]
[WhiteElo "2405"]
[BlackElo "2285"]

1.d4 Nf6 2.c4 g6 3.Nc3 Bg7 4.e4 d6 5.Be2 O-O 6.Nf3 e5 7.dxe5 dxe5 8.Qxd8 Rxd8
9.Bg5 Re8 10.Rd1 c6 11.O-O  1/2-1/2

[Event "CZE-chT 9798"]
[Site "CZE"]
[Date "1998.04.05"]
[Round "11"]
[White "Michalek, Jan"]
[Black "Sergeev, Vladimir"]
[Result "0-1"]
[WhiteElo "2285"]
[BlackElo "2465"]

1.c4 g6 2.Nf3 Bg7 3.d4 d6 4.Nc3 Nd7 5.e4 e5 6.Be2 Ngf6 7.O-O O-O 8.Re1 h6
9.Bf1 c6 10.b3 Nh7 11.Bb2 Ng5 12.dxe5 dxe5 13.Ba3 Re8 14.Nxg5 Qxg5 15.Qc1 Qf6
16.Qe3 Nf8 17.c5 Ne6 18.Bc4 Nd4 19.Rac1 b5 20.Bd3 a5 21.Ne2 Ne6 22.Rc2 h5
23.Bc1 Ra7 24.a4 b4 25.g3 Rd7 26.Bc4 Bf8 27.Bxe6 Qxe6 28.Bb2 Ba6 29.Nc1 Kh7
30.f4 exf4 31.gxf4 Rd1 32.Rxd1 Qg4+ 33.Kf2 Qxd1 34.Rd2 Qh1 35.Kg3 Rxe4 36.Qf2 Be7
37.Qg2 Re3+ 38.Kf2  0-1

[Event "CZE-chT 9798"]
[Site "CZE"]
[Date "1998.04.05"]
[Round "11"]
[White "Babula, Vlastimil"]
[Black "Neumann, Peter"]
[Result "1/2-1/2"]
[WhiteElo "2555"]
[BlackElo "2365"]

1.d4 Nf6 2.c4 g6 3.Nc3 Bg7 4.e4 d6 5.Nf3 O-O 6.Be2 e5 7.O-O Nh5 8.dxe5 dxe5
9.Qxd8 Rxd8 10.Bg5 f6 11.Rfd1 Re8 12.Be3 c6 13.g3 Bf8 14.Nd2 Ng7 15.c5 Ne6
16.b4 Nd4 17.Bc4+ Kh8 18.Bxd4 exd4 19.Ne2 b6 20.Nb3 Rxe4 21.Nexd4 Nd7 22.Bf1 bxc5
23.bxc5 Nxc5 24.Bg2 Nxb3 25.axb3 Re7 26.Nxc6 Rc7 27.b4 Bb7 28.b5 Bc5 29.Rd5 Bb6
30.Rd6 f5 31.Re1 Rf8 32.h4 f4 33.g4 f3 34.Bh3 Rcf7 35.g5 Rf4 36.Re7 Bxc6
37.bxc6 Bc5 38.Rdd7 Bxe7 39.Rxe7 Rxh4 40.c7 Rh5 41.Re5 Rxh3 42.Rd5 Rh5 43.Rd8 Rxg5+
44.Kh2 Rf5 45.c8=Q Rxd8 46.Qxd8+ Kg7 47.Qe7+ Kg8 48.Qxa7 h6 49.Kg3 Kh8 50.Kg4 Kg8
51.Qe7 Kh8  1/2-1/2

[Event "AUT-ch U18"]
[Site "Koestendorf"]
[Date "1998.04.05"]
[Round "2.4"]
[White "Steiner, Stefan"]
[Black "Zumtobel, Thomas"]
[Result "1-0"]
[WhiteElo "1899"]
[BlackElo "2086"]

1.Nf3 d6 2.d4 Nf6 3.c4 g6 4.Nc3 Bg7 5.e4 O-O 6.Be2 e5 7.dxe5 dxe5 8.Qxd8 Rxd8
9.Bg5 Re8 10.Nd5 Nxd5 11.cxd5 c6 12.Bc4 cxd5 13.Bxd5 Nd7 14.Rc1 h6 15.Be3 Nf6
16.Bb3 Re7 17.Nd2 b6 18.f3 Bb7 19.Kf2 Ne8 20.Rc2 Kh7 21.Rhc1 f5 22.Ke1 Bf6
23.Bc4 Nd6 24.Bd3 Rc8 25.Rxc8 Bxc8 26.Rc6 Rd7 27.Nc4 Nxc4 28.Bxc4 Bh4+ 29.g3 Bb7
30.Re6 Bd8 31.exf5 gxf5 32.Rxe5 Re7 33.Rxe7+ Bxe7 34.Ke2 Kg6 35.f4 Be4 36.Bd4 h5
37.Ke3 Bc6 38.Bd3 Bd7 39.h3 Kf7 40.Be2 Kg6 41.Bf3 Bb4 42.Kf2 Bd6 43.a3 Kh6
44.Ke3 Kg6 45.h4 Be6 46.Kd3 Bf7 47.Kc3 Kh7 48.b4 Kg8 49.a4 a5 50.b5 Bc7 51.Be2 Kf8
52.Bc4 Bg6 53.Bd5 Ke7 54.Kc4 Bh7 55.Be5 Bd8 56.Kd4 Kd7 57.Bf7 Be7 58.Kd5 Bc5
59.Bd4 Bxd4 60.Kxd4 Kd6 61.Bxh5 Bg8 62.Bd1 Be6 63.h5 Bf7 64.h6 Bg6 65.Bc2 Ke6
66.g4 Kf6 67.Bxf5 Bf7 68.Bc2  1-0

[Event "Frohnleiten"]
[Site "Frohnleiten"]
[Date "1998.04.08"]
[Round "6"]
[White "Singer, Richard"]
[Black "Ebner, Hubert"]
[Result "1/2-1/2"]
[WhiteElo "2170"]
[BlackElo "2300"]

1.d4 Nf6 2.c4 g6 3.Nc3 Bg7 4.e4 d6 5.Nf3 O-O 6.Be2 Na6 7.O-O e5 8.Be3 c6
9.Re1 exd4 10.Nxd4 Re8 11.Bf3 Nc5 12.Bf4 Ne6 13.Nxe6 Bxe6 14.Qd3 Qb6 15.Bxd6 Red8
16.e5 Ne8 17.Rad1 Nxd6 18.exd6 Qxb2 19.Ne4 Qxa2 20.Nc5 Bxc4 21.Qe3 Qb2 22.Rb1 Qf6
23.Nxb7 Rxd6 24.Nxd6 Qxd6 25.Rb7 Bd4 26.Qc1 Bd5 27.Bxd5 Qxd5 28.Ree7 Rf8
29.Red7 Qe5 30.Qd1 c5 31.Rxa7 Rb8 32.Rxd4 cxd4 33.Ra1 d3 34.h3 h5 35.Ra3 Rd8
36.Qd2 Qe2 37.Ra2 Qe7 38.Ra1 Qc5 39.Rd1 Qd4 40.Qe3 Qc3 41.g4 Qc2 42.Rd2 Qb1+
43.Kg2 hxg4 44.hxg4 Qb5 45.Qf4 Qd5+ 46.Kg3 Re8 47.Qf3 Qd6+ 48.Qf4 Qd7 49.Qf3 Rd8
50.Qe3 Qd5 51.Qf3 Qd4 52.Qf4 Qc3 53.Qe3 Kg7 54.f4 Rd6 55.Kf3 Kf8 56.Kg2 Qc1
57.Kf3 Qf1+ 58.Kg3 Rd8 59.Qc5+ Kg8 60.Qf2 Qxf2+ 61.Kxf2 g5 62.fxg5 Kg7 63.Ke3 Kg6
64.Kf4 Rd7 65.Kf3 Kxg5 66.Kg3 Rd4 67.Kf3 Kf6 68.Ke3 Rd7 69.Kf4 Kg6 70.Kf3 Kg5
71.Kg3 Rd4 72.Kf3 Rf4+ 73.Ke3 Rxg4 74.Kxd3 f5 75.Rf2 Rh4 76.Rg2+  1/2-1/2

[Event "Budapest FS04 IM"]
[Site "Budapest"]
[Date "1998.04.09"]
[Round "6"]
[White "Kahn, Evarth"]
[Black "Gara, Anita"]
[Result "1/2-1/2"]
[WhiteElo "2330"]
[BlackElo "2285"]

1.d4 Nf6 2.c4 g6 3.Nc3 Bg7 4.e4 d6 5.Nf3 O-O 6.Be2 e5 7.dxe5 dxe5 8.Qxd8 Rxd8
9.Bg5 Nbd7 10.O-O-O Rf8 11.Nd5 c6 12.Ne7+ Kh8 13.Nxc8 Rfxc8  1/2-1/2

[Event "Dreifluesse op"]
[Site "Passau"]
[Date "1998.04.10"]
[Round "1"]
[White "Stutzke, Christian"]
[Black "Lendvai, Noemi"]
[Result "0-1"]
[WhiteElo "1700"]
[BlackElo "2115"]

1.d4 Nf6 2.Nf3 g6 3.c4 Bg7 4.Nc3 O-O 5.e4 d6 6.Be2 e5 7.d5 a5 8.Bg5 Na6 9.Nd2 h6
10.Bh4 Qe8 11.O-O Nh7 12.a3 Bd7 13.b3 f5 14.exf5 Bxf5 15.Nde4 Bxe4 16.Nxe4 Rf4
17.Ng3 Rxh4 18.Bd3 e4 19.Re1 Bxa1 20.Qxa1 Nc5 21.Bxe4 Nxe4 22.f3 Nhg5 23.fxe4 Qe5
24.Qd1 Rf8  0-1

[Event "Dreifluesse op"]
[Site "Passau"]
[Date "1998.04.10"]
[Round "2"]
[White "Schaper, Adolf"]
[Black "Strobel, Christian"]
[Result "0-1"]
[WhiteElo "1704"]
[BlackElo "1970"]

1.d4 Nf6 2.c4 g6 3.Nc3 Bg7 4.Nf3 O-O 5.e4 d6 6.Be2 e5 7.dxe5 dxe5 8.Qxd8 Rxd8
9.Nxe5 Nxe4 10.Nxf7 Bxc3+ 11.bxc3 Kxf7 12.O-O Nd7 13.Be3 Ndf6 14.c5 Nxc3
15.Bf3 c6 16.Rfc1 Ncd5 17.Bd4 Bf5 18.Re1 Re8 19.Be5 Re6 20.Bxd5 Nxd5 21.g3 Rae8
22.f4 Nb4 23.Red1 Nd3 24.g4 Be4 25.Bd6 Nb2 26.Rf1 Bd3 27.f5 gxf5 28.Rf2 Re1+
29.Rxe1 Rxe1+ 30.Kg2 Be4+ 31.Kg3 Nd3  0-1

[Event "Dreifluesse op"]
[Site "Passau"]
[Date "1998.04.10"]
[Round "2"]
[White "Gierlinger, Albert"]
[Black "Schenk, Uwe"]
[Result "0-1"]
[WhiteElo "1713"]
[BlackElo "2190"]

1.d4 Nf6 2.c4 g6 3.Nc3 Bg7 4.e4 d6 5.Be2 O-O 6.Nf3 e5 7.d5 a5 8.O-O Nfd7
9.Ne1 f5 10.f3 f4 11.Nd3 h5 12.Rb1 g5 13.h3 Rf6 14.a3 Rg6 15.Nf2 Nf6 16.b4 axb4
17.axb4 Nbd7 18.Bd2 Bh6 19.Rc1 g4 20.fxg4 hxg4 21.hxg4 Ne8 22.Nb5 Bg5 23.c5 Bh4
24.c6 bxc6 25.dxc6 Ndf6 26.Qb3+ Kg7 27.Nc3 Nxg4 28.Nxg4 Bxg4 29.Bxg4 Rxg4
30.Nd5 Qg5 31.Qf3 Ra2 32.Rcd1 Kh7 33.b5 Bg3 34.Ne3 fxe3 35.Qf7+ Ng7 36.Rf5 Rxd2
37.Ra1 e2 38.Ra8  0-1

[Event "Metz op"]
[Site "Metz"]
[Date "1998.04.11"]
[Round "7"]
[White "Laruelle, Joel"]
[Black "Tissir, Mohamed"]
[Result "0-1"]
[WhiteElo "2110"]
[BlackElo "2300"]

1.c4 Nf6 2.Nc3 g6 3.Nf3 Bg7 4.e4 d6 5.d4 O-O 6.Be2 e5 7.dxe5 dxe5 8.Qxd8 Rxd8
9.Nd5 Na6 10.Bg5 Nxd5 11.cxd5 f6 12.Bxa6 bxa6 13.Bh4 g5 14.Bg3 Rb8 15.O-O-O Bg4
16.Rd3 c6 17.Rhd1 cxd5 18.Rxd5 Rdc8+ 19.Kb1 Bf8 20.R1d3 Rb4 21.Nd2 Bd1 22.a3 Bc2+
23.Ka2 Bxd3 24.axb4 Bb5 25.Kb3 Rb8 26.f3 Bc6 27.Rd3 Bxb4 28.Kc2 Ba4+ 29.b3 Bb5
30.Rd5 Bc6 31.Rd3 a5 32.Bf2 a6 33.Be3 a4 34.bxa4 Bxa4+ 35.Nb3 Bb5 36.Rd1 a5
37.Bd2 Bxd2 38.Rxd2 Ba4 39.Rd3 Kf7 40.Kb2 Ke6  0-1

[Event "Dreifluesse op"]
[Site "Passau"]
[Date "1998.04.12"]
[Round "5"]
[White "Koutsin, Sergey"]
[Black "Hoepfl, Thomas"]
[Result "1/2-1/2"]
[WhiteElo "2400"]
[BlackElo "2215"]

1.d4 Nf6 2.c4 g6 3.Nc3 Bg7 4.e4 d6 5.Nf3 O-O 6.Be2 e5 7.O-O exd4 8.Nxd4 Re8
9.f3 Nc6 10.Be3 Nh5 11.Qd2 Nxd4 12.Bxd4 Nf4 13.Rf2 Be5 14.Bf1 c6 15.Rd1 Qf6
16.g3 Ne6 17.Be3 Nc5 18.Ne2 a5 19.b3 Qe7 20.Bg2 f5 21.f4 Bg7 22.Bxc5 dxc5
23.e5 a4 24.Nc3 axb3 25.axb3 Be6 26.Qe3 Bf8 27.Rfd2 Rad8 28.Nd5 cxd5 29.cxd5 c4
30.d6 Qd7 31.bxc4 Bxc4 32.Qb6 Be6 33.Qxb7 Qxb7 34.Bxb7 Rb8 35.Rb1 Red8 36.Kf2 Kg7
37.Ke3 Rd7 38.Rdb2 Bxd6  1/2-1/2

[Event "Dreifluesse op"]
[Site "Passau"]
[Date "1998.04.12"]
[Round "6"]
[White "Krenn, Dan Philipp"]
[Black "Fenske, Nora"]
[Result "1/2-1/2"]
[WhiteElo "1527"]
[BlackElo "1683"]

1.d4 Nf6 2.Nf3 g6 3.c4 Bg7 4.Nc3 O-O 5.e4 d6 6.Be2 e5 7.d5 a5 8.O-O Na6 9.Rb1 Nc5
10.Qc2 Nfd7 11.Bg5 Nf6 12.a3 h6 13.Bxf6 Bxf6 14.b4 axb4 15.axb4 Nd7 16.Na4 Bg7
17.Nd2 f5 18.f3 Qg5 19.Nc3 Nf6 20.Bd3 f4 21.c5 Rf7 22.Nc4 Ne8 23.cxd6 Nxd6
24.Nxd6 cxd6 25.Nb5 Qd8  1/2-1/2

[Event "Dreifluesse op"]
[Site "Passau"]
[Date "1998.04.12"]
[Round "6"]
[White "Reinhardt, Ralph"]
[Black "Hauschild, Helmut"]
[Result "0-1"]
[WhiteElo "1898"]
[BlackElo "2099"]

1.d4 Nf6 2.Nf3 g6 3.c4 Bg7 4.Nc3 d6 5.e4 O-O 6.Be2 Nbd7 7.O-O e5 8.Re1 c6
9.Be3 exd4 10.Nxd4 Nc5 11.f3 a5 12.Rb1 Re8 13.Qd2 Nh5 14.Bf1 a4 15.b4 axb3
16.axb3 Qf6 17.Nce2 Qe5 18.b4 Na4 19.Bf2 g5 20.g4 Nf4 21.Nxf4 gxf4 22.Kg2 c5
23.Nb5 Nc3 24.Nxc3 Qxc3 25.Qxc3 Bxc3 26.Red1 Ra2 27.Kg1 cxb4 28.Rxd6 Be6
29.Bc5 Ra4 30.Be2 Ra6 31.Rxa6 bxa6 32.Bb6 Rc8 33.c5 Bd4+ 34.Kf1 b3 35.Bxa6 Ra8
36.Bd3 Ra2  0-1

[Event "Budapest FS04 IM"]
[Site "Budapest"]
[Date "1998.04.13"]
[Round "10"]
[White "Murzin, Lenar"]
[Black "Mork, Kjell Arne"]
[Result "1/2-1/2"]
[WhiteElo "2240"]
[BlackElo "2305"]

1.d4 Nf6 2.c4 g6 3.Nc3 Bg7 4.e4 d6 5.Be2 O-O 6.Nf3 Nbd7 7.O-O e5 8.Be3 Ng4
9.Bg5 f6 10.Bc1 Nh6 11.h3 Nf7 12.dxe5 fxe5 13.Be3 c6  1/2-1/2

[Event "St Petersburg-ch"]
[Site "St Petersburg"]
[Date "1998.04.14"]
[Round "7"]
[White "Biriukov, Oleg V"]
[Black "Kochyev, Alexander"]
[Result "1/2-1/2"]
[WhiteElo "2390"]
[BlackElo "2430"]

1.Nf3 Nf6 2.c4 g6 3.Nc3 Bg7 4.e4 d6 5.d4 O-O 6.Be2 e5 7.O-O Nbd7 8.Qc2 Nh5
9.Rd1 Nf4 10.Bf1 c5 11.Nb5 cxd4 12.Bxf4 exf4 13.Nfxd4 Ne5 14.Be2 a6 15.Nc3 Qg5
16.Nf3 Nxf3+ 17.Bxf3 Be6 18.Nd5  1/2-1/2

[Event "St Petersburg-ch"]
[Site "St Petersburg"]
[Date "1998.04.16"]
[Round "9"]
[White "Ivanov, Sergey"]
[Black "Kochyev, Alexander"]
[Result "0-1"]
[WhiteElo "2570"]
[BlackElo "2430"]

1.d4 Nf6 2.c4 d6 3.Nc3 Nbd7 4.Nf3 g6 5.e4 e5 6.Be2 Bg7 7.O-O O-O 8.Re1 c6
9.Bf1 Qb6 10.d5 Nc5 11.Rb1 cxd5 12.cxd5 Ng4 13.Be3 Nxe3 14.Rxe3 Bh6 15.Re1 f5
16.Bd3 Nxd3 17.Qxd3 Bd7 18.h4 Rac8 19.Qe2 Qd8 20.Rbd1 a6 21.g3 b5 22.a3 f4
23.Kg2 Qb6 24.Rd3 fxg3 25.fxg3 a5 26.b4 axb4 27.axb4 Rc4 28.Rb1 Bg4 29.Nd1 Rd4
30.Nxd4 Bxe2 31.Nxe2 Qa7 32.Rbb3 Qa2 33.Nb2 Qb1 34.Nd1 Qc2  0-1

[Event "St Petersburg-ch"]
[Site "St Petersburg"]
[Date "1998.04.18"]
[Round "11"]
[White "Shchukin, Dmitry"]
[Black "Kochyev, Alexander"]
[Result "1-0"]
[WhiteElo "2390"]
[BlackElo "2430"]

1.d4 Nf6 2.c4 g6 3.Nc3 Bg7 4.e4 d6 5.Nf3 O-O 6.Be2 e5 7.d5 Nbd7 8.Nd2 a5
9.h4 h5 10.Nf3 Nc5 11.Ng5 c6 12.f3 a4 13.Be3 cxd5 14.cxd5 Qa5 15.Qd2 Bd7
16.Nb1 Qxd2+ 17.Kxd2 Ne8 18.Na3 f6 19.Nh3 Rb8 20.Bb5 Rf7 21.Rac1 b6 22.Nf2 f5
23.Bxd7 Rxd7 24.Ke2 Nf6 25.Bxc5 bxc5 26.Nc4 fxe4 27.fxe4 Rdb7 28.Rc2 Bf8
29.Rh3 Rb4 30.Rf3 Kg7 31.Ra3 Be7 32.Ke3 Rf8 33.Ke2 Kh6 34.Rf3 Rbb8 35.Rcc3 Rb4
36.Kd1 Kg7 37.Kc2 Ng4 38.Nxg4 hxg4 39.Rxf8 Kxf8 40.g3 Ke8 41.a3 Rb8 42.b3 Ra8
43.bxa4 Rxa4 44.Kd3 Kd8 45.Rb3 Kc7 46.Rb1 Ra8 47.Rf1 Rb8 48.Kc2 Rh8 49.Rf7 Kd8
50.Rg7 g5 51.hxg5 Rh2+ 52.Kd1 Rh1+ 53.Ke2 Rh2+ 54.Kf1 Rh1+ 55.Kg2 Rc1 56.Ne3 c4
57.Rg8+ Kd7 58.g6 Bg5 59.g7 Bxe3 60.Rf8 Rc2+ 61.Kf1  1-0

[Event "ARG-ch"]
[Site "Buenos Aires"]
[Date "1998.04.19"]
[Round "4"]
[White "Fiorito, Fabian"]
[Black "Sorokin, Maxim"]
[Result "1/2-1/2"]
[WhiteElo "2455"]
[BlackElo "2555"]

1.d4 Nf6 2.Nf3 g6 3.c4 Bg7 4.Nc3 O-O 5.e4 d6 6.Be2 e5 7.dxe5 dxe5 8.Qxd8 Rxd8
9.Bg5 Nbd7 10.O-O-O Rf8 11.Nd5  1/2-1/2

[Event "St Petersburg-ch"]
[Site "St Petersburg"]
[Date "1998.04.20"]
[Round "13"]
[White "Ionov, Sergey"]
[Black "Kochyev, Alexander"]
[Result "1/2-1/2"]
[WhiteElo "2530"]
[BlackElo "2430"]

1.d4 Nf6 2.c4 d6 3.Nc3 Nbd7 4.e4 e5 5.Nf3 g6 6.Be2 Bg7 7.O-O O-O 8.Re1 h6
9.Rb1 c6 10.Bf1 Nh7 11.Be3 f5 12.exf5 gxf5 13.dxe5 dxe5 14.g3 e4 15.Nh4 Ng5
16.f4 exf3  1/2-1/2

[Event "GRE-chT"]
[Site "Poros"]
[Date "1998.04.21"]
[Round "2"]
[White "Vafiadis, Kleanthis"]
[Black "Georgiev, Krum"]
[Result "0-1"]
[WhiteElo "2275"]
[BlackElo "2525"]

1.d4 Nf6 2.Nf3 g6 3.c4 Bg7 4.Nc3 O-O 5.e4 d6 6.Be2 e5 7.dxe5 dxe5 8.Qxd8 Rxd8
9.Nd5 Nxd5 10.cxd5 c6 11.Bc4 b5 12.Bb3 Bb7 13.Bg5 Rd7 14.Rc1 h6 15.Be3 Kh7
16.d6 a5 17.a3 Na6 18.Bc5 a4 19.Ba2 Nxc5 20.Rxc5 f6 21.Nh4 Bf8 22.Rc3 Bxd6
23.Ke2 Rad8 24.Rd1 b4 25.axb4 Bxb4 26.Rxd7+ Rxd7 27.Rc2 Ba6+ 28.Bc4 Bxc4+
29.Rxc4 Rd2+ 30.Ke3 Rxb2 31.Rxc6 a3 32.Rxf6 a2 33.Ra6 Rb3+  0-1

[Event "GRE-chT"]
[Site "Poros"]
[Date "1998.04.21"]
[Round "3"]
[White "Kalesis, Nikolaos"]
[Black "Vouldis, Angelos"]
[Result "1/2-1/2"]
[WhiteElo "2420"]
[BlackElo "2445"]

1.d4 Nf6 2.c4 g6 3.Nc3 Bg7 4.e4 d6 5.Nf3 O-O 6.Be2 e5 7.Be3 Na6 8.O-O Ng4
9.Bg5 Qe8 10.dxe5 h6 11.Bd2 dxe5 12.h3 Nf6 13.Be3 Qe7 14.Nd2 c6 15.Na4 Nd7
16.Qc2 f5 17.f3 Nac5 18.Nxc5 Nxc5 19.Nb3 Ne6 20.Bd3 f4 21.Bf2 c5 22.Rfd1 a5
23.a4 g5 24.Bf1 Nd4 25.Nxd4 exd4 26.e5 Bf5 27.Bd3 Qxe5 28.Re1 Bxd3 29.Qxd3 Qf5
30.Re4 Rae8 31.Rae1 Rxe4 32.Rxe4 Qd7 33.b3 h5 34.Kf1 b6 35.Ke2 g4 36.hxg4 hxg4
37.Kd1 Qf5 38.Be1 g3 39.Bd2 Be5 40.Qe2 Bd6 41.Qd3 Kg7 42.Kc2 Kf6 43.Re1 Rh8
44.Qxf5+ Kxf5 45.Kd3 Be5 46.Re2 Rh2 47.Kc2 Rh1 48.Re1  1/2-1/2

[Event "Serbian-ch 29th"]
[Site "Sabac"]
[Date "1998.04.23"]
[Round "4"]
[White "Tosic, Miroslav"]
[Black "Solak, Dragan"]
[Result "1-0"]
[WhiteElo "2505"]
[BlackElo "2380"]

1.d4 Nf6 2.Nf3 g6 3.c4 Bg7 4.Nc3 O-O 5.e4 d6 6.Be2 e5 7.d5 a5 8.Nd2 Nfd7
9.h4 f5 10.h5 Nc5 11.hxg6 hxg6 12.Nf3 f4 13.b3 Nbd7 14.Ba3 Nf6 15.Bxc5 dxc5
16.a4 Bd7 17.Qc2 Ng4 18.Bd3 Qf6 19.O-O-O Kf7 20.Bf1 b6 21.Nb5 Rac8 22.Kb1 Rh8
23.Rxh8 Bxh8 24.Bd3 Bg7 25.Rh1 g5 26.Rh5 Bh6 27.Qb2 Kg6 28.Rh1 Bf8 29.Qe2 Bd6
30.Bc2 Rh8 31.Rg1 Nh2 32.Nd2 g4 33.Bd1 g3 34.f3 Kf7 35.Qd3 Ke7 36.Be2 Rg8
37.Kb2 Ra8 38.Nb1 Kf7 39.N1c3 Qg7 40.Nxc7 Bxc7 41.d6 Rc8 42.dxc7 Rxc7 43.Qd6 Ra7
44.Qxb6  1-0

[Event "GRE-chT"]
[Site "Poros"]
[Date "1998.04.24"]
[Round "6"]
[White "Halkias, Alexandros"]
[Black "Darmarakis, Mihail"]
[Result "1/2-1/2"]
[WhiteElo "2035"]
[BlackElo "2145"]

1.Nf3 Nf6 2.c4 g6 3.Nc3 Bg7 4.e4 d6 5.d4 O-O 6.Be2 e5 7.dxe5 dxe5 8.Qxd8 Rxd8
9.Nd5 Rd7 10.Nxe5 Nxd5 11.Nxd7 Nb4 12.Nxb8 Nc2+ 13.Kd1 Nxa1 14.Bf4 Rxb8 15.Bxc7 Ra8
16.Kc1 Be6 17.Rd1 b5 18.Kb1 bxc4 19.Kxa1 c3 20.bxc3 Bxc3+ 21.Kb1 Kg7 22.Rd8 Rxd8
23.Bxd8 f5 24.f3 Be5 25.h3 fxe4 26.fxe4 h6 27.a4 Bb3 28.a5 Kf7 29.a6 Bd4
30.Bc7 h5 31.Kc1 Ke6 32.Bb8 Ke7 33.Kd2 Ba4 34.Bd3 Bc6 35.Ke2 Kf6 36.h4 Ba4
37.Kf3 Bd1+ 38.Kf4 Bg4 39.Bc4 Bd7 40.Bd6 Kg7 41.e5 Bf5 42.g3 Bb6 43.Be7 Bd4
44.Bg5 Bb2 45.Be7 Bd4 46.Bd8 Bc5 47.Bf6+ Kf8 48.e6 Bd6+ 49.Kg5 Be7 50.Bd5 Bc2
51.Bb7 Bf5 52.Bc8 Bd3 53.Bxe7+ Kxe7 54.Kf4 Kd6 55.Kg5  1/2-1/2

[Event "GRE-chT"]
[Site "Poros"]
[Date "1998.04.25"]
[Round "8"]
[White "Haritakis, Theodoros"]
[Black "Cela, Altin"]
[Result "0-1"]
[WhiteElo "2340"]
[BlackElo "2445"]

1.d4 Nf6 2.c4 g6 3.Nc3 Bg7 4.e4 O-O 5.Nf3 d6 6.Be2 e5 7.dxe5 dxe5 8.Qxd8 Rxd8
9.Nd5 Nxd5 10.cxd5 c6 11.Bc4 b5 12.Bg5 f6 13.Bb3 cxd5 14.O-O-O Bb7 15.Be3 Na6
16.Rxd5 Bxd5 17.Bxd5+ Rxd5 18.exd5 Nb4 19.d6 Kf7 20.Kb1 Bf8 21.Rd1 Ke6 22.d7 Nc6
23.d8=R Nxd8 24.Bxa7 Rxa7 25.Rxd8 Bc5 26.Rb8 Bxf2 27.Nd2 Be3 28.Nb3 Ra4 29.Rxb5 Rg4
30.g3 Bg1 31.Nc5+ Kd6 32.b4 Kc6 33.a4 Bxh2 34.Rb8 Bxg3 35.a5 Bf2 36.Nd3 Ba7
37.b5+ Kc7 38.Rf8 e4 39.b6+ Bxb6 40.axb6+ Kb7 41.Rf7+ Kxb6 42.Rxf6+ Kb5 43.Ne5 Rg1+
44.Kc2 Kc5  0-1

[Event "GRE-chT"]
[Site "Poros"]
[Date "1998.04.26"]
[Round "9"]
[White "Haritakis, Theodoros"]
[Black "Kotronias, Vasilios"]
[Result "0-1"]
[WhiteElo "2340"]
[BlackElo "2570"]

1.d4 Nf6 2.c4 g6 3.Nc3 Bg7 4.e4 d6 5.Nf3 O-O 6.Be2 e5 7.dxe5 dxe5 8.Qxd8 Rxd8
9.Nd5 Nxd5 10.cxd5 c6 11.Bc4 b5 12.Bg5 f6 13.Bb3 cxd5 14.Rc1 Be6 15.O-O Nd7
16.exd5 Bf7 17.Be3 a5 18.a3 Rdc8 19.a4 b4 20.Nd2 f5 21.Nc4 Ra6 22.d6 Rcc6
23.f3 Bf8 24.Rfd1 Kg7 25.f4 Bxd6 26.Nxa5 Rxc1 27.Bxc1 Bxb3 28.Nxb3 Kf6 29.fxe5+ Kxe5
30.g3 Kf6 31.Be3 Ne5 32.Bc5 Bxc5+ 33.Nxc5 Rc6 34.Rc1 Rd6 35.a5 Rd2 36.a6 Nf3+
37.Kf1 Nxh2+ 38.Ke1 Nf3+ 39.Kf1 Rd8 40.Ra1 Ke7 41.Na4 Nd2+ 42.Ke2 Nb3 43.Rh1 h5
44.Nb6 Nd4+ 45.Kf2 Nb5 46.Ra1 Na7 47.Ra4 Rd2+ 48.Ke3 Rxb2 49.Nd5+ Kd6 50.Nxb4 Rg2
51.Kf4 h4 52.Nd3 Rxg3 53.Ne5 Rg1 54.Rd4+ Ke6 55.Rd7 g5+ 56.Kf3 Kxe5 57.Rxa7 Rg3+
58.Kf2 Ra3 59.Rg7 g4 60.a7 h3  0-1